| 000 | 00692nam a2200241Ia 4500 | ||
|---|---|---|---|
| 003 | OSt | ||
| 005 | 20260121161918.0 | ||
| 008 | 210716s1984 xx 000 0 und d | ||
| 020 | _a9780040010030 | ||
| 040 | _cAIMIT LIBRARY | ||
| 041 | _aeng | ||
| 082 |
_a006.620288 _21 _b ARND |
||
| 100 |
_aArnold, David. _9252127 |
||
| 245 |
_aGetting started with the IBM PC and X / _cBy David Arnold. |
||
| 250 | _a1st ed. | ||
| 260 |
_aBoston, _c1984. |
||
| 300 |
_avii,183p. ; _bPB _c25 cm |
||
| 650 |
_aUsing the PC _9252128 |
||
| 650 |
_aElectronic filing _9252129 |
||
| 650 |
_aAdvanced features of DOS _9252130 |
||
| 700 |
_aArnold, David. _9252127 |
||
| 942 |
_2ddc _cBK _e1st _k006.620288 ARND |
||
| 999 |
_c181076 _d181076 |
||